000
00273nam a2200121Ia 4500
008
241002s9999 xx 000 0 und d
082
_a
960 REA
100
_a
Reade, Winwood
245
4
_a
The Martyrdom of man
260
_a
London:
_c
1948
600
_a
History
942
_c
UC
999
_c
18913
_d
18913